000 00464nam a2200181Ia 4500
001 10218
005 20260306161815.0
008 260306t2022||||xx |||||||||||||| ||spa||
041 _aESP
082 _a909.004
_bR84
100 _aRosas Moscoso, Fernando
_eAUT
245 0 _aLa crisis del siglo XVII:
_bun ensayo de nueva historia global
260 _c2022
300 _a415 páginas :
_c24 cm.
650 _aGEN
654 _aCHU
942 _cLIB
_dJUS
_fJUS
_2ddc
_n
999 _c10218
_d10218